00480nam a22001577a 4500020001800000082002000018245005100038260002700089300001000116650001700126650002000143700002300163942000700186999001900193952011000212 a9788131607060 a305.5688bJAG/C aCaste- based exclusion/cby Jagan Karade (ed.) aJaipur:bRawat,c2015. a232p. aCaste System aSocial Sciences aJagan Karade (ed.) cBK c181500d181500 00104070aSSUSbSSUScSTACKSd2026-05-15g995.00l0o305.5688 JAG/Cp108701r2026-05-15w2026-05-15yBK